000
00259nam a22000977a 4500
008
230626b xxu||||| |||| 00| 0 eng d
082
_a
331.59
_b
REI
245
_a
Employment Provisions for Disabled Persons in Selected Countries
300
_a
52p
942
_2
ddc
_c
BK
999
_c
2739
_d
2739